Obchodní závazkové vztahy. 2
Dodávka počítača na základe zmluvy. Vznik nároku zodpovednosti za vady. Premlčacia doba.
Salvato in:
| Autore principale: | |
|---|---|
| Altri autori: | |
| Natura: | Capitolo di libro |
| Lingua: | ceco |
| Soggetti: | |
| Tags: |
Nessun Tag, puoi essere il primo ad aggiungerne!!
|
MARC
| LEADER | 00000naa a2200000 4500 | ||
|---|---|---|---|
| 001 | r022754 | ||
| 005 | 20230612110935.9 | ||
| 041 | 0 | |a cze | |
| 044 | |a CZ | ||
| 245 | 1 | 0 | |a Obchodní závazkové vztahy. 2 |c T. Sokol, V. Smejkal |
| 520 | |a Dodávka počítača na základe zmluvy. Vznik nároku zodpovednosti za vady. Premlčacia doba. | ||
| 610 | 2 | 0 | |a právo obchodné |
| 610 | 2 | 0 | |a vzťahy obchodné záväzkové |
| 610 | 2 | 0 | |a technika výpočtová |
| 610 | 2 | 0 | |a hardvér |
| 610 | 2 | 0 | |a zmluvy kúpne |
| 610 | 2 | 0 | |a zodpovednosť za škody |
| 100 | 1 | |a Sokol, T. | |
| 700 | 1 | |a Smejkal, Vladimír | |